Current Affairs / (Record no. 10568)

MARC details
000 -LEADER
fixed length control field 00319nam a2200121 a 4500
100 1# - MAIN ENTRY--AUTHOR NAME
Personal name Qaiser Rashid
245 10 - TITLE STATEMENT
Title Current Affairs /
260 ## - PUBLICATION, DISTRIBUTION, ETC. (IMPRINT)
Place of publication [Lahore] :
Name of publisher Aamer pub
Year of publication 2014.
300 ## - PHYSICAL DESCRIPTION
Number of Pages 344 p.
650 ## - SUBJECT ADDED ENTRY--TOPICAL TERM
Topical Term Current Affairs-Pakistan
856 40 - ELECTRONIC LOCATION AND ACCESS
Uniform Resource Identifier http://www.amazon.com/exec/obidos/ASIN/chopaconline-20
942 ## - ADDED ENTRY ELEMENTS (KOHA)
Koha item type Books
Holdings
Withdrawn status Lost status Home library Current library Shelving location Date acquired Full call number Accession Number Koha item type
    Reference Section Reference Section Reference 17/10/2014 954.91 RAS (Shelf - 98D) D1509 Books